Destiny the Game Quiz #20 Vendor Weapons - Statistics

General Stats
  • This quiz has been taken 694 times
  • The average score is 27 of 35
Answer Stats
Weapon Faction/Vendor % Correct
Felwinter's Lie Iron Banner
99%
Patch-A Dead Orbit
85%
Hung Jury SR4 Dead Orbit
85%
The Chance Future War Cult
84%
Event Horizon Crucible
83%
The Branded Lord Iron Banner
82%
Crusader I New Monarchy
82%
Hawksaw Crucible
81%
The Crash Future War Cult
81%
Blind Perdition Trials of Osiris
81%
The Laughing Heart Iron Banner
80%
1000-Yard Stare Vanguard
80%
Nirwen's Mercy Iron Banner
78%
The Calling Future War Cult
77%
The Wounded Future War Cult
76%
Skorri's Revenge Iron Banner
76%
Up The Ante Crucible
75%
Byronic Hero Crucible
75%
Unto Dust 00 Dead Orbit
75%
Deposition VII New Monarchy
75%
Prudence II New Monarchy
74%
Vindicator XI New Monarchy
74%
Water Star Trials of Osiris
74%
The Frenzy Future War Cult
72%
Glass Promontory Trials of Osiris
72%
Proxima Centauri II Vanguard
72%
Epitaph 2261 Vanguard
72%
Hide And Seek-42 Dead Orbit
71%
Unwilling Soul-09 Dead Orbit
71%
The Summoner Trials of Osiris
70%
Doctor Nope Vanguard
70%
Hard Luck Charm Crucible
69%
Payback SOS Vanguard
69%
Stellar Vestige Trials of Osiris
64%
Tomorrow's Answer Trials of Osiris
64%
No matching quizzes found
Score Distribution
Percent of People with Each Score
Percentile by Number Answered
Your Score History
You have not taken this quiz